LDR 01691nam a2200289 4500 001 000000367693 003 CaOOAMICUS 005 20260511152337.0 008 260511s2019 it a 000 u ita r 040 $aSeMil$bita 110 0 $aClub Alpino italiano.$0(OLS)http://semarc/name/7556 245 13$aLe montagne incantate :$bin cammino alla scoperta del Sentiero Italia CAI /$cClub Alpino Italiano. 264 1$aRoma :$bGEDI Gruppo Editoriale,$c2019- 300 $av. :$bill. ;$c24 cm 500 $aA piè del front: National Geographic, Club Alpino Italiano, Sentiero Italia CAI, L'altro versante. 650 4$aAlpi
- Storia.$0(OLS)http://semarc/subject/60074 650 4$aAlpi
- Fotografie.$0(OLS)http://semarc/subject/28377 650 4$aAppennini
- Storia.$0(OLS)http://semarc/subject/60208 650 4$aAppennini
- Fotografie.$0(OLS)http://semarc/subject/60209 774 0 $t2: Dalla Marmolada allo Stelvio.$dRoma : GEDI Gruppo Editoriale, 2019.$w()367694 774 0 $t3: Dal Bernina alla Val d'Ossola.$dRoma : GEDI Gruppo Editoriale, 2019.$w()367696 774 0 $t4: Dal Monte Rosa alla valli valdesi.$dRoma : GEDI Gruppo Editoriale, 2019.$w()367702 774 0 $t5: Dal Monviso al Colle di Cadibona.$dRoma : GEDI Gruppo Editoriale, 2019.$w()367701 774 0 $t7: Dai Sibillini al Parco Nazionale d'Abruzzo.$dRoma : GEDI Gruppo Editoriale, 2019.$w()367703 996 $6245$aLe montagne incantate :$bin cammino alla scoperta del Sentiero Italia CAI$9(OLS)http://semarc/title/459678 996 $6264$aRoma :$bGEDI Gruppo Editoriale$9(OLS)http://semarc/publisher/56872